| 000 | 00437nam a2200169Ia 4500 | ||
|---|---|---|---|
| 005 | 20240603233821.0 | ||
| 008 | 240331s9999 xx 000 0 und d | ||
| 020 | _a0704339102 | ||
| 082 |
_bSEX _a362 |
||
| 100 | _aThe London rape Crisis | ||
| 245 | 0 |
_aSexual violence : _bthe reality for women |
|
| 250 | _a1 st | ||
| 260 |
_aLondon _bThe Women's Press Limited _c1984 |
||
| 300 | _a144 p., | ||
| 650 | _aSexual Violence | ||
| 942 | _cL | ||
| 999 |
_c2922 _d2922 |
||